Engelsk ordforråd - Byggematerialer (til norsk) - Statistics

General Stats
  • This quiz has been taken 227 times
    210 since last reset
  • The average score is 14 of 26
Answer Stats
Hint Answer % Correct
Wood Tre
98%
Glass Glass
87%
Stone Stein
84%
Cement Sement
80%
Paint Maling
78%
Metal Metall
78%
Asphalt Asfalt
76%
Soil/earth Jord
71%
Brick Murstein
71%
Pipes Rør
71%
Furniture Møbler
69%
Tiles Fliser
60%
Clay Leire
60%
Concrete Betong
56%
Timber Tømmer
56%
Insulation Isolering
49%
Stainless steel Rustfritt stål
49%
Gravel Grus
44%
Plaster Gips
31%
Aluminum sheet Aluminiumsplate
22%
Reinforced concrete Armert betong
22%
Plywood Kryssfiner
20%
Rebar Armering
13%
Glulam Limtre
13%
Wrought iron Smijern
11%
Fittings Beslag
4%
No matching quizzes found
Score Distribution
Percent of People with Each Score
Percentile by Number Answered
Your Score History
You have not taken this quiz since the last reset